| 000 | 00603nam a22001937a 4500 | ||
|---|---|---|---|
| 003 | OSt | ||
| 005 | 20140310181712.0 | ||
| 008 | 121210t xxu||||| |||| 00| 0 eng d | ||
| 020 | _a9718927034 | ||
| 050 |
_aDS 686.614 _b.R175 1996 |
||
| 082 |
_aFIL 320.9599 _bR14 1996 |
||
| 245 |
_aOur time has come : _cFidel V. Ramos. _bthe goals we set ourselves to obtain for our people are now within our reach / |
||
| 260 |
_a[Manila] : _bFriends of Steady Eddie, c1996. _cc1996. |
||
| 300 |
_a301 p. ; _c23 cm. |
||
| 521 | _aBasic Ed. Students | ||
| 541 | _j1 | ||
| 562 | _e1 | ||
| 942 |
_2lcc _cBK-FIL _kFIL |
||
| 999 |
_c1597 _d1597 |
||